000 005740000a22001810004500
003 MACL
005 20160217164351.0
008 160217b xxu||||| |||| 00| 0 eng d
040 _aMACL
_cMACL
041 _aHindi
082 _a370
100 _aपाण्‍डेय डॉ. रामशकल
_938760
245 _aउदीयमान भरतीय समाज में शिक्षक
260 _bविनोद पुस्‍तक मन्दिर
_c2007
_aआगरा
350 _a200
650 _aEducation
_938761
942 _cHIN
_k370
_2ddc
999 _c29645
_d29645